La Méditerranée et le monde méditerranéen à l'époque de Philippe II : Tome 3 - Les événements, la politique et les hommes (notice n° 2197797)

détails MARC
000 -LEADER
fixed length control field 01409cam a2200133 4500500
005 - DATE AND TIME OF LATEST TRANSACTION
control field 20260405085450.0
041 ## - LANGUAGE CODE
Language code of text/sound track or separate title fre
042 ## - AUTHENTICATION CODE
Authentication code dc
100 10 - MAIN ENTRY--PERSONAL NAME
Personal name Braudel, Fernand
Relator term author
245 00 - TITLE STATEMENT
Title La Méditerranée et le monde méditerranéen à l'époque de Philippe II : Tome 3 - Les événements, la politique et les hommes
260 ## - PUBLICATION, DISTRIBUTION, ETC.
Name of publisher, distributor, etc. Armand Colin,<br/>
Date of publication, distribution, etc. 2017.<br/>
520 ## - SUMMARY, ETC.
Summary, etc. « Avec la Méditerranée, j’ai pris le large, j’ai visité avec ravissement à peu près tous les pays et tous les dépôts d’archives de Méditerranée. Cela m’a pris une vingtaine d’années. » Ce troisième volume est celui de l’histoire vive des événements durant le demi-siècle que domine le règne de Philippe II. En Méditerranée le conflit est permanent entre les deux grands champions de l’Islam et de la Chrétienté, l’Espagnol et le Turc. La paix avec la France, en 1559, marque le début d’un âpre duel, jusqu’au triomphe de la flotte chrétienne à Lépante, en 1571. Paradoxalement, celui-ci inaugure une longue période de paix. C’est que les flottes des deux adversaires, chacun aux prises avec ses propres drames, désertent la Méditerranée pour le grand bonheur des corsaires turcs et chrétiens, dont la petite guerre va remplacer la grande.
856 41 - ELECTRONIC LOCATION AND ACCESS
Uniform Resource Identifier <a href="https://shs.cairn.info/la-mediterranee-et-le-monde-mediterraneen-3--9782200618278?lang=fr&redirect-ssocas=7080">https://shs.cairn.info/la-mediterranee-et-le-monde-mediterraneen-3--9782200618278?lang=fr&redirect-ssocas=7080</a>

Pas d'exemplaire disponible.

PLUDOC

PLUDOC est la plateforme unique et centralisée de gestion des bibliothèques physiques et numériques de Guinée administré par le CEDUST. Elle est la plus grande base de données de ressources documentaires pour les Étudiants, Enseignants chercheurs et Chercheurs de Guinée.

Adresse

627 919 101/664 919 101

25 boulevard du commerce
Kaloum, Conakry, Guinée

Réseaux sociaux

Powered by Netsen Group @ 2025